[Event "Indywidualne Mistrzostwa Polski Mlodzikow do lat 10 - Chlopcy"]
[Site "Szklarska Poreba"]
[Date "1899-12-30"]
[Round "6.8"]
[White "Glaz, Michal"]
[Black "Uhryn, Lukasz"]
[Result "1-0"]
[WhiteTitle "II"]
[BlackTitle "II"]
[WhiteElo "1174"]
[BlackElo "1042"]

1. e4 c5 2. Nf3 e6 3. d4 cxd4 4. Nxd4 Nf6 5. Bd3 Nc6 6. Nxc6 bxc6 7. O-O Bc5 8.
Nd2 Qc7 9. Qe2 d5 10. c4 O-O 11. cxd5 cxd5 12. e5 Nd7 13. Nb3 Bb6 14. Re1 Bb7
15. Bg5 Rfc8 16. Qh5 Nf8 17. a4 Qc6 18. a5 Bd8 19. a6 Bxg5 20. Qxg5 h6 21. Qg3
Rab8 22. axb7 Rc7 23. Rxa7 Rcxb7 24. Na5 Qb6 25. Rxb7 Qxa5 26. b4 Qd8 27. Rxb8
Qxb8 28. b5 Nd7 29. h3 Qa7 30. Qe3 Qa5 31. Rb1 Qc7 32. b6 Qb8 33. b7 Kf8 34. Qc1
Ke7 35. Qc8 g6 36. Bb5 Qxe5 37. Qxd7+ Kf6 38. Qd8+ Kf5 39. b8=Q Qe4 40. Rd1 Qc2
41. Bd3+ Qxd3 42. Rxd3 Ke4 43. Qg3 g5 44. Qf6 g4 45. Qe3# 1-0

[Event "Indywidualne Mistrzostwa Polski Mlodzikow do lat 10 - Chlopcy"]
[Site "Szklarska Poreba"]
[Date "1899-12-30"]
[Round "6.9"]
[White "Zielonka, Adam"]
[Black "Olszewski, Antoni"]
[Result "1/2-1/2"]
[WhiteTitle "II"]
[BlackTitle "II"]
[WhiteElo "1177"]
[BlackElo "1514"]

1. e4 e5 2. Nf3 Nc6 3. d4 exd4 4. Nxd4 Bc5 5. Be3 Qf6 6. c3 Nge7 7. Bc4 O-O 8.
O-O Bb6 9. Nc2 d6 10. Nd2 Be6 11. Bxb6 axb6 12. Ne3 Bxc4 13. Ndxc4 Ne5 14. Nxe5
dxe5 15. Qc2 Rfd8 16. a3 b5 17. Rfd1 c6 18. Rxd8+ Rxd8 19. Rd1 Ng6 20. Rxd8+ Qxd8
21. Qd1 Qxd1+ 22. Nxd1 f6 23. f3 Kf7 24. Kf2 Ke6 25. Ke3 h5 26. b3 Kd6 27. Nb2
c5 28. g3 Ne7 29. a4 bxa4 30. Nxa4 b5 31. Nb2 Nc6 32. Nd3 b4 33. cxb4 Nxb4 34.
Nxb4 cxb4 35. Kd3 Kc5 36. Ke3 Kd6 37. Kd3 Kc5 38. Ke3 1/2-1/2

[Event "Indywidualne Mistrzostwa Polski Mlodzikow do lat 10 - Chlopcy"]
[Site "Szklarska Poreba"]
[Date "1899-12-30"]
[Round "6.10"]
[White "Dietrich, Pawel"]
[Black "Uhryn, Mateusz"]
[Result "0-1"]
[WhiteTitle "II"]
[BlackTitle "II"]
[WhiteElo "1150"]
[BlackElo "1410"]

1. e4 c5 2. Nf3 Nc6 3. d4 cxd4 4. Nxd4 g6 5. Nc3 Bg7 6. Be3 Nf6 7. Bc4 O-O 8. Bb3
d6 9. f3 Qa5 10. Qd2 Nxd4 11. Bxd4 Be6 12. Bxe6 fxe6 13. O-O-O b5 14. a3 Rab8
15. Na2 Qxd2+ 16. Kxd2 Nxe4+ 17. Ke1 Bxd4 18. Rxd4 Ng5 19. Nb4 Rbc8 20. c3 a5
21. Nc2 Kg7 22. Kf2 d5 23. Rg4 Ne4+ 24. Ke2 Nd6 25. Nd4 Rf6 26. Rf4 e5 27. Rxf6
exf6 28. Nc2 Kf7 29. Kf2 d4 30. Rd1 dxc3 31. bxc3 Rxc3 32. Ne3 Ke6 33. Nd5 Rc2+
34. Kg3 Nf5+ 35. Kh3 Rc6 36. g4 Nd4 37. Ne3 Rc3 38. Re1 Nxf3 39. Nd1 Nxe1+ 40.
Nxc3 b4 41. axb4 axb4 42. Nb1 Nd3 43. Kg3 Kd5 44. Kf3 Kd4 45. h4 e4+ 46. Ke2 f5
47. gxf5 gxf5 48. h5 Nf4+ 49. Kd2 e3+ 50. Kd1 Nxh5 51. Ke2 Ke4 52. Ke1 f4 53.
Kf1 f3 54. Ke1 Ng3 55. Kd1 e2+ 56. Ke1 0-1

[Event "Indywidualne Mistrzostwa Polski Mlodzikow do lat 10 - Chlopcy"]
[Site "Szklarska Poreba"]
[Date "1899-12-30"]
[Round "6.11"]
[White "Trusewicz, Jakub"]
[Black "Bochniak, Franciszek"]
[Result "0-1"]
[WhiteTitle "II"]
[BlackTitle "II"]
[WhiteElo "1136"]
[BlackElo "1263"]

1. e4 e5 2. Nf3 Nc6 3. Bc4 Bc5 4. b4 Bxb4 5. c3 Ba5 6. d4 d6 7. Qb3 Qd7 8. O-O
Bb6 9. Ng5 Nh6 10. Bb5 exd4 11. cxd4 Bxd4 12. Bb2 Bxb2 13. Qxb2 O-O 14. Qc2 Nd4
15. Qd3 Qxb5 16. Qxd4 Qxg5 17. f4 Qc5 18. Qxc5 dxc5 19. h3 f5 20. e5 Be6 21. Nc3
c6 22. Rad1 Rad8 23. Rd6 Rxd6 24. exd6 Rd8 25. Rd1 Nf7 26. d7 Rxd7 27. Rxd7 Bxd7
28. Kf2 Nd6 29. g4 fxg4 30. h4 Kf7 31. Kg3 Kf6 32. a3 Kf5 33. Kg2 Nb5 34. Na4
b6 35. Kg3 Nxa3 0-1

[Event "Indywidualne Mistrzostwa Polski Mlodzikow do lat 10 - Chlopcy"]
[Site "Szklarska Poreba"]
[Date "1899-12-30"]
[Round "6.12"]
[White "Wichrowski, Krzysztof"]
[Black "Jasiulewicz, Dawid"]
[Result "0-1"]
[WhiteTitle "II"]
[BlackTitle "II"]
[WhiteElo "1134"]
[BlackElo "1253"]

1. e4 c5 2. Nf3 e6 3. d4 cxd4 4. Nxd4 a6 5. Bd3 Qc7 6. Be3 Be7 7. O-O Nf6 8. Qe2
O-O 9. Nd2 d6 10. N4b3 Nbd7 11. f4 e5 12. f5 d5 13. Bg5 b6 14. Bxf6 Nxf6 15. g4
Bb7 16. g5 Nxe4 17. Bxe4 dxe4 18. f6 Bc5+ 19. Nxc5 Qxc5+ 20. Kh1 Qxc2 21. Kg1
Rfd8 22. Rfd1 Rd7 23. Rac1 Qxb2 24. Rb1 Qxa2 25. Ra1 Qb2 26. Kf1 Rad8 27. Ke1
Rxd2 28. Kf1 Rxd1+ 29. Rxd1 Qxe2+ 30. Kxe2 Rxd1 0-1

[Event "Indywidualne Mistrzostwa Polski Mlodzikow do lat 10 - Chlopcy"]
[Site "Szklarska Poreba"]
[Date "1899-12-30"]
[Round "6.13"]
[White "Klim, Juliusz"]
[Black "Kozak, Karol"]
[Result "0-1"]
[WhiteTitle "II"]
[BlackTitle "II"]
[WhiteElo "1239"]
[BlackElo "1133"]

1. e4 c5 2. Nf3 Nc6 3. d4 cxd4 4. Nxd4 Nf6 5. Nc3 e5 6. Ndb5 h6 7. Nd6+ Bxd6 8.
Qxd6 Qe7 9. Qxe7+ Kxe7 10. Bc4 d6 11. Nd5+ Nxd5 12. exd5 Nb4 13. Kd1 Bf5 14. Bb3
a5 15. a4 Rac8 16. c3 Nd3 17. Ke2 Nc5 18. Bc4 Nd7 19. Bd3 Bxd3+ 20. Kxd3 Nc5+
21. Ke2 Nb3 22. Ra3 Nxc1+ 23. Rxc1 Rc4 24. g3 Rhc8 25. Kd3 R4c5 26. c4 Rxd5+ 27.
cxd5 Rxc1 28. Rb3 Rc5 29. Rxb7+ Kf6 30. Rb5 e4+ 31. Kd2 Ke5 32. b4 axb4 33. Rxb4
Kxd5 34. Rb7 Ke6 35. Rb4 f5 36. Rb7 Kf6 37. Rb6 Ke5 38. Rb7 g6 39. Rg7 Kf6 40.
Rd7 d5 41. Rd6+ Kg5 42. Ke3 Rc3+ 43. Ke2 Ra3 44. h4+ Kh5 45. Rxd5 Rxa4 46. Rc5
Ra6 47. Rc3 Kg4 48. Rc4 Re6 49. Ke3 g5 50. hxg5 hxg5 51. Ke2 f4 52. gxf4 gxf4
53. Rc5 Ra6 54. Rc4 Ra2+ 55. Kf1 Kf3 56. Rc3+ e3 57. Rc1 Rxf2+ 58. Kg1 Ra2 0-1

[Event "Indywidualne Mistrzostwa Polski Mlodzikow do lat 10 - Chlopcy"]
[Site "Szklarska Poreba"]
[Date "1899-12-30"]
[Round "6.14"]
[White "Zmarzly, Wiktor"]
[Black "Bieronski, Nikodem"]
[Result "1-0"]
[WhiteTitle "II"]
[BlackTitle "II"]
[WhiteElo "1226"]
[BlackElo "1168"]

1. e4 e6 2. d4 d5 3. Nc3 Bb4 4. e5 c5 5. a3 Bxc3+ 6. bxc3 Ne7 7. Qg4 O-O 8. Bd3
Nbc6 9. Bh6 Ng6 10. Bxg6 fxg6 11. Bd2 Qb6 12. Nf3 cxd4 13. cxd4 Qb2 14. O-O Qxc2
15. Rfc1 Qf5 16. Qxf5 gxf5 17. Bb4 Nxb4 18. axb4 Bd7 19. Rc7 Bc8 20. b5 Rf7 21.
Rxf7 Kxf7 22. Nd2 b6 23. Kf1 Bd7 24. Rb1 Rc8 25. Ke1 Rc3 26. Ra1 Bxb5 27. Rxa7+
Kg6 28. Nf3 Bc4 29. Re7 b5 30. Rxe6+ Kf7 31. Ng5+ Kf8 32. Nxh7+ Kg8 33. Ng5 Kf8
34. Rb6 Ra3 35. Rb8+ Ke7 36. Rb7+ Kf8 37. Ne6+ Ke8 38. Nxg7+ Kd8 39. e6 Ra1+ 40.
Kd2 Ra2+ 41. Kc3 Re2 42. e7+ Rxe7 43. Rxe7 Kxe7 44. Nxf5+ Kf6 45. Ne3 Kg5 46.
g3 b4+ 47. Kxb4 Be2 48. Nxd5 Bf3 49. Ne3 Bg4 50. Nxg4 Kxg4 51. f4 Kf5 52. h4 1-0

[Event "Indywidualne Mistrzostwa Polski Mlodzikow do lat 10 - Chlopcy"]
[Site "Szklarska Poreba"]
[Date "1899-12-30"]
[Round "6.15"]
[White "Micula, Jakub"]
[Black "Macura, Mateusz"]
[Result "1-0"]
[WhiteTitle "II+"]
[BlackTitle "II"]
[WhiteElo "1357"]
[BlackElo "1095"]

1. e4 e5 2. Nf3 Nc6 3. Bb5 Bc5 4. O-O Nd4 5. Nxd4 Bxd4 6. c3 Bb6 7. d4 c6 8. Ba4
d6 9. Re1 Nf6 10. Bg5 h6 11. Bh4 O-O 12. h3 Be6 13. Na3 Bc7 14. Qf3 Qe7 15. Bxf6
Qxf6 16. Qxf6 gxf6 17. Re3 b5 18. Bc2 Bb6 19. Rg3+ Kh8 20. Rd1 b4 21. d5 bxa3
22. dxe6 Bc5 23. b4 Bb6 24. Rxd6 fxe6 25. Bb3 f5 26. Rxe6 Kh7 27. Re7+ Kh8 28.
Rgg7 Bxf2+ 29. Kxf2 fxe4+ 30. Ke3 Rg8 31. Rh7# 1-0

[Event "Indywidualne Mistrzostwa Polski Mlodzikow do lat 10 - Chlopcy"]
[Site "Szklarska Poreba"]
[Date "1899-12-30"]
[Round "6.16"]
[White "Chomicki, Kornel"]
[Black "Wojtacha, Krzysztof"]
[Result "0-1"]
[WhiteTitle "II"]
[BlackTitle "II"]
[WhiteElo "1091"]
[BlackElo "1280"]

1. e4 c5 2. Nc3 Nc6 3. f4 g6 4. d3 Bg7 5. g3 e6 6. Bg2 Nge7 7. Nf3 O-O 8. O-O d5
9. Qe2 Rb8 10. Rb1 b5 11. Kh1 a6 12. Qf2 Nd4 13. Nxd4 Bxd4 14. Qe2 Bg7 15. Re1
d4 16. Nd1 Bb7 17. Bd2 Re8 18. e5 Bxg2+ 19. Qxg2 Qd5 20. Nf2 Qxa2 21. Ne4 Qd5
22. Ra1 Ra8 23. Ra3 Rec8 24. Rea1 Rc6 25. Nd6 Qxg2+ 26. Kxg2 b4 27. Ra5 Nf5 28.
Nc4 f6 29. g4 Ne7 30. exf6 Bxf6 31. g5 Bg7 32. R5a2 Nd5 33. Na5 Rb6 34. Nc4 Rc6
35. Na5 Rc7 36. Nc4 Rca7 37. Nd6 a5 38. b3 Bf8 39. Nc4 Be7 40. Rxa5 Rxa5 41. Rxa5
Rxa5 42. Nxa5 Nc7 43. Nc4 Nb5 44. Kf3 Na3 45. Bc1 Nxc2 46. Ke2 Na1 47. Nd2 Bd6
48. Kf3 Nc2 49. Nc4 Bc7 50. Nb2 Na1 51. Na4 Nxb3 52. Bb2 Kf7 53. h4 Ke7 54. Ke2
Kd7 0-1

[Event "Indywidualne Mistrzostwa Polski Mlodzikow do lat 10 - Chlopcy"]
[Site "Szklarska Poreba"]
[Date "1899-12-30"]
[Round "6.17"]
[White "Kawa, Bartlomiej"]
[Black "Nocek, Dominik"]
[Result "0-1"]
[WhiteTitle "II"]
[BlackTitle "II"]
[WhiteElo "1060"]
[BlackElo "1232"]

1. e4 e5 2. Nf3 Nc6 3. Bc4 Bc5 4. c3 Nf6 5. d4 exd4 6. cxd4 Bb4+ 7. Bd2 Bxd2+ 8.
Nbxd2 d5 9. exd5 Nxd5 10. O-O O-O 11. Nb3 Bg4 12. Be2 Re8 13. Qd2 Qf6 14. Rfe1
Rad8 15. Rad1 Nf4 16. Kf1 Re7 17. Ng1 Nxe2 18. Nxe2 Rde8 19. Nbc1 Nd8 20. f3 Bh5
21. Nb3 Bxf3 22. gxf3 Qxf3+ 23. Kg1 Rxe2 24. Rxe2 Rxe2 25. Qxe2 Qxe2 26. Rd2 Qe1+
27. Kg2 Qe4+ 28. Kg1 f5 29. Kf2 Qf4+ 30. Kg1 Qg4+ 31. Kf2 f4 32. Kf1 f3 33. Rf2
Ne6 34. Rd2 Nf4 35. Kf2 Nh3+ 36. Ke3 Qf4+ 37. Kd3 f2 38. Rxf2 Nxf2+ 39. Ke2 Qxh2
40. Kd2 Qg3 0-1

[Event "Indywidualne Mistrzostwa Polski Mlodzikow do lat 10 - Chlopcy"]
[Site "Szklarska Poreba"]
[Date "1899-12-30"]
[Round "6.19"]
[White "Stachowiak, Bruno"]
[Black "Jablonski, Dawid"]
[Result "1/2-1/2"]
[WhiteTitle "II"]
[BlackTitle "II"]
[WhiteElo "1105"]
[BlackElo "1087"]

1. e4 c6 2. d4 d5 3. Nc3 dxe4 4. Nxe4 Bf5 5. Ng3 Bg6 6. h4 h6 7. h5 Bh7 8. Nf3
Nf6 9. Bd3 Bxd3 10. Qxd3 e6 11. Be3 Bd6 12. Ne4 Nxe4 13. Qxe4 Nd7 14. O-O-O Nf6
15. Qd3 Qa5 16. Kb1 O-O-O 17. Bd2 Qb6 18. Qb3 Qxb3 19. axb3 Kc7 20. Be3 Ng4 21.
Rh4 Nxe3 22. fxe3 Be7 23. Rg4 Bf6 24. Rf1 Rdf8 25. e4 Rhg8 26. e5 Be7 27. Nd2
b5 28. Ne4 g6 29. hxg6 f5 30. exf6 h5 31. Rgf4 Bd6 32. Nxd6 Kxd6 33. g7 Rf7 34.
Rh1 e5 35. dxe5+ Kxe5 36. Rxh5+ Kxf4 37. Rh8 Rgxg7 38. fxg7 Rxg7 39. Rc8 Rg6 40.
Rc7 a5 41. Ra7 Rxg2 42. Rxa5 Ke3 43. c3 Kd4 44. Ra8+ Kc5 45. Rc8 Rg6 46. Rd8 Rg4
47. Kc2 Rf4 48. b4+ Kb6 49. Kb3 Kc7 50. Rd4 Rf5 51. Ka3 Rf3 52. Rh4 Rg3 53. Rh5
Rf3 54. Rc5 Rh3 55. Ka2 Rh4 56. Re5 Rc4 57. Re3 Rh4 58. b3 Rh2+ 59. Kb1 1/2-1/2

[Event "Indywidualne Mistrzostwa Polski Mlodzikow do lat 10 - Chlopcy"]
[Site "Szklarska Poreba"]
[Date "1899-12-30"]
[Round "6.21"]
[White "Balis, Sebastian"]
[Black "Dobrowolski, Kamil"]
[Result "0-1"]
[WhiteTitle "II"]
[BlackTitle "III"]
[WhiteElo "1253"]
[BlackElo "1006"]

1. e4 e5 2. Nf3 Nf6 3. Nxe5 d6 4. Nf3 Nxe4 5. Nc3 Nxc3 6. dxc3 Nc6 7. Be3 Be7 8.
Qd2 Be6 9. O-O-O Bxa2 10. b3 a5 11. Kb2 a4 12. Ra1 axb3 13. cxb3 Bxb3 14. Rxa8
Qxa8 15. Kxb3 d5 16. Qxd5 Qa3+ 17. Kc2 O-O 18. Qb3 Qd6 19. Qxb7 Rd8 20. Be2 Qa3
21. Qb3 Qd6 22. Rd1 Qg6+ 23. Kc1 Rb8 24. Qa4 Qe6 25. Qc4 Qf6 26. Bg5 Ba3+ 27.
Kd2 Qg6 28. Ke1 Kh8 29. Bd3 f5 30. Qd5 Rf8 31. g4 Ne7 32. Bxe7 Bxe7 33. Bxf5 Qf6
34. Nd4 g6 35. Ne6 Rf7 36. Qd4 gxf5 37. gxf5 Bd6 38. h3 Kg8 39. Qxf6 Rxf6 40.
Nd4 Kf7 41. Ra1 Rh6 42. Ne6 Rf6 43. Ra7 Rxf5 44. Nxc7 Bc5 45. Na6+ Bxa7 46. c4
Rxf2 47. c5 Rc2 48. Kd1 Rh2 49. c6 Ke7 50. Nb4 Kd6 51. Kc1 Bc5 52. c7 Kxc7 53.
Nd3 Rxh3 54. Nf4 Be3+ 55. Kc2 Bxf4 56. Kb2 Re3 57. Kc2 h5 58. Kd2 h4 0-1

[Event "Indywidualne Mistrzostwa Polski Mlodzikow do lat 10 - Chlopcy"]
[Site "Szklarska Poreba"]
[Date "1899-12-30"]
[Round "6.22"]
[White "Adamala, Tomasz"]
[Black "Sienicki, Oliwier"]
[Result "1-0"]
[WhiteTitle "III"]
[BlackTitle "II"]
[WhiteElo "1036"]
[BlackElo "1135"]

1. e4 c5 2. Nf3 Nc6 3. d4 cxd4 4. Nxd4 g6 5. c4 Bg7 6. Be3 Nf6 7. Nc3 Ng4 8. Nc2
Nxe3 9. Nxe3 O-O 10. Be2 d6 11. O-O b6 12. f3 Bd4 13. Qd2 e6 14. Nb5 Bxe3+ 15.
Qxe3 a6 16. Nd4 Nxd4 17. Qxd4 e5 18. Qd2 Qc7 19. Rae1 b5 20. b3 bxc4 21. Bxc4
a5 22. Rc1 Qb6+ 23. Kh1 a4 24. f4 axb3 25. Bxb3 Bb7 26. fxe5 dxe5 27. Qb2 Qd4
28. Qxd4 exd4 29. Rc7 Bxe4 30. Rfxf7 Rxf7 31. Rxf7 Rf8 32. Rf3+ Kg7 33. Rxf8 Kxf8
34. Kg1 Ke7 35. Kf2 Kd6 36. g4 Kc5 37. Ke2 g5 38. Kd2 Kd6 39. Bc2 Bf3 40. Bf5
h6 41. Kd3 Ke5 42. a4 h5 43. a5 Bb7 44. h3 Ba6+ 45. Kd2 h4 46. Bd3 Bb7 47. a6
Ba8 48. a7 Kd6 49. Bf1 Ke5 50. Kd3 Bd5 51. Ke2 Kd6 52. Kf2 Kc7 53. Bg2 Bxg2 54.
Kxg2 Kb7 55. a8=R Kxa8 56. Kf3 d3 57. Ke3 d2 58. Kxd2 Kb7 59. Ke3 Kc6 60. Ke4
Kd6 61. Kf5 Ke7 62. Kxg5 Kf7 63. Kxh4 Kg6 64. g5 Kg7 65. Kg4 Kg8 66. h4 Kg7 67.
h5 Kh8 68. g6 Kg8 69. h6 Kh8 70. Kf5 Kg8 71. Kf6 Kh8 72. g7+ Kg8 73. h7+ Kxh7
74. Kf7 Kh6 75. g8=Q Kh5 76. Kf6 Kh4 77. Kf5 Kh3 78. Kf4 Kh2 79. Kf3 Kh1 80. Qg2#
1-0

[Event "Indywidualne Mistrzostwa Polski Mlodzikow do lat 10 - Chlopcy"]
[Site "Szklarska Poreba"]
[Date "1899-12-30"]
[Round "6.23"]
[White "Wozniak, Mateusz"]
[Black "Dunda, Szymon"]
[Result "1-0"]
[WhiteTitle "II"]
[BlackTitle "II"]
[WhiteElo "1122"]
[BlackElo "1030"]

1. d4 Nf6 2. c4 e6 3. Nc3 Bb4 4. e3 b6 5. Nge2 Bb7 6. Qc2 Nc6 7. a3 Bxc3+ 8. Nxc3
d6 9. Be2 Qe7 10. b4 O-O 11. O-O Nd7 12. Bf3 Qg5 13. b5 Na5 14. Bxb7 Nxb7 15.
e4 Qf6 16. Be3 e5 17. d5 Na5 18. Ne2 Nb7 19. f4 Rae8 20. f5 Qe7 21. Rf3 f6 22.
Raf1 Kf7 23. Rg3 Rg8 24. Nc1 Qf8 25. Na2 Nb8 26. Qe2 Ke7 27. Nb4 Na5 28. Nc6+
Nbxc6 29. bxc6 Rb8 30. Bd2 Nb3 31. Rxb3 h6 32. Qh5 Qf7 33. Qxf7+ Kxf7 34. g4 Rh8
35. h4 g5 36. fxg6+ Kxg6 37. Rbf3 Rbf8 38. Kg2 h5 39. g5 Rhg8 40. Rxf6+ Rxf6 41.
Rxf6+ Kh7 42. Rf7+ Rg7 43. Rxg7+ Kxg7 44. g6 Kxg6 45. Bg5 Kf7 46. Bd8 Ke8 47.
Bxc7 Ke7 48. Kf3 a6 49. Bxb6 Ke8 50. c5 dxc5 51. Bxc5 Kd8 52. Bd6 Ke8 53. Bxe5
Kd8 54. Bb2 Ke8 55. d6 Kd8 56. e5 a5 57. e6 a4 58. Ke4 Ke8 59. c7 Kf8 60. c8=Q#
1-0

[Event "Indywidualne Mistrzostwa Polski Mlodzikow do lat 10 - Chlopcy"]
[Site "Szklarska Poreba"]
[Date "1899-12-30"]
[Round "6.24"]
[White "Karwot, Marek"]
[Black "Makuch, Tomasz"]
[Result "1/2-1/2"]
[WhiteTitle "III"]
[BlackTitle "II"]
[WhiteElo "1006"]
[BlackElo "1098"]

1. e4 c5 2. Nf3 g6 3. d4 cxd4 4. Nxd4 Nc6 5. c4 Nf6 6. Nc3 d6 7. Be2 Nxd4 8. Qxd4
Bg7 9. Be3 O-O 10. Qd1 Be6 11. O-O Qa5 12. f3 Rfc8 13. Nd5 Nxd5 14. cxd5 Bd7 15.
b4 Qa3 16. Bd4 Qxb4 17. Bxg7 Kxg7 18. Rb1 Qc5+ 19. Kh1 b5 20. Qd2 a6 21. h4 Qc3
22. Qg5 Qf6 23. f4 Qxg5 24. fxg5 Rc2 25. Bf3 Rxa2 26. h5 Rc2 27. h6+ Kg8 28. Ra1
a5 29. e5 dxe5 30. d6 Bc6 31. dxe7 Bxf3 32. Rxa5 Bxg2+ 33. Kg1 Rcc8 34. Rxa8 Bxa8
35. Rd1 Re8 36. Rd8 Bc6 37. Rd6 Rxe7 38. Rxc6 Re8 39. Rb6 e4 40. Rxb5 e3 41. Kf1
e2+ 42. Ke1 Kf8 43. Rb7 Re5 44. Rb8+ Ke7 45. Rh8 Rxg5 46. Kxe2 Ke6 47. Rxh7 Rh5
48. Rh8 Kf5 49. Rf8 f6 50. Rh8 Kg5 51. h7 Kh6 52. Rf8 Kg7 53. Ra8 Kxh7 54. Ra6
Rf5 55. Ra1 Rh5 56. Ra6 Rf5 57. Ra1 Kh6 58. Rh1+ Rh5 59. Rf1 Kg7 60. Ra1 g5 61.
Ra7+ Kg6 62. Ra8 Rh7 63. Kf3 f5 64. Ra6+ Kh5 65. Ra5 g4+ 66. Kg3 Kg5 67. Kg2 Rh3
68. Ra8 Rh6 69. Ra5 Rf6 70. Kg3 Re6 71. Kf2 Kf4 72. Ra4+ Re4 73. Ra5 g3+ 74. Kg2
Re2+ 75. Kf1 g2+ 76. Kg1 Kf3 77. Rxf5+ Kg4 78. Rf8 Kg3 79. Rg8+ Kf3 80. Rf8+ Kg3
81. Rg8+ Kh3 82. Rh8+ 1/2-1/2

[Event "Indywidualne Mistrzostwa Polski Mlodzikow do lat 10 - Chlopcy"]
[Site "Szklarska Poreba"]
[Date "1899-12-30"]
[Round "6.29"]
[White "Zabrzanski, Marcin"]
[Black "Kowalczyk, Jakub"]
[Result "0-1"]
[WhiteTitle "II"]
[BlackTitle "II"]
[WhiteElo "1013"]
[BlackElo "1070"]

1. e4 c5 2. Nf3 e6 3. c3 d5 4. exd5 Qxd5 5. d4 Nf6 6. Be2 Nc6 7. O-O Be7 8. dxc5
Qxd1 9. Rxd1 Bxc5 10. Bf4 O-O 11. Na3 Nd5 12. Bg3 Nxc3 13. bxc3 Bxa3 14. Bb5 Bb2
15. Rab1 Bxc3 16. Rb3 Bf6 17. Bxc6 bxc6 18. Ne5 Bxe5 19. Bxe5 f6 20. Bg3 Ba6 21.
h4 Bb5 22. Rbb1 Rfd8 23. Rxd8+ Rxd8 24. Rd1 0-1

[Event "Indywidualne Mistrzostwa Polski Mlodzikow do lat 10 - Chlopcy"]
[Site "Szklarska Poreba"]
[Date "1899-12-30"]
[Round "7.1"]
[White "Bartodziej, Bartosz"]
[Black "Sowinski, Pawel"]
[Result "1/2-1/2"]
[WhiteTitle "II+"]
[BlackTitle "I"]
[WhiteElo "1539"]
[BlackElo "1427"]

1. d4 e6 2. c4 Nf6 3. Nc3 d5 4. cxd5 exd5 5. Bg5 Nbd7 6. Nf3 h6 7. Bh4 c6 8. e3
Bd6 9. Bd3 O-O 10. O-O Re8 11. Qc2 Bb4 12. Rab1 Bxc3 13. Qxc3 g5 14. Bg3 Nh5 15.
b4 Nxg3 16. hxg3 Qf6 17. Qc2 b5 18. Rfc1 Bb7 19. a4 a6 20. a5 h5 21. Bh7+ Kg7
22. Qf5 Nf8 23. Qxf6+ Kxf6 24. Bd3 Nd7 25. Nd2 Ke6 26. Nb3 Kd6 27. Bf5 g4 28.
Kf1 Rg8 29. Ke2 Rg5 30. Bxd7 Kxd7 31. Nc5+ Kc7 32. Rc3 Rg6 33. Rh1 Rh8 34. Nd3
Rg5 35. Ne5 Rg7 36. Rh4 Kd6 37. Rc1 Rgh7 38. Nd3 Bc8 39. Ne5 Bb7 40. Rch1 Bc8
41. Nd3 Bf5 42. Ne5 f6 43. Nd3 Bxd3+ 44. Kxd3 f5 45. f3 Ke6 46. Rc1 Rc7 47. Rf1
gxf3 48. gxf3 Rg7 49. Rh3 Rg5 50. Rc1 Kd6 51. Rch1 Rhg8 52. Rxh5 Rxh5 53. Rxh5
Rxg3 54. Rxf5 Rg1 55. Re5 Rf1 56. f4 Rb1 57. Kc3 Rc1+ 58. Kb2 Rf1 59. f5 Re1 60.
Kc2 Rf1 61. Kd3 Rf2 62. Re8 Rxf5 63. Ra8 Kc7 64. Rxa6 Kb7 65. Rb6+ Kc7 66. Ra6
Kb7 67. Rb6+ Kc7 68. Ra6 1/2-1/2

[Event "Indywidualne Mistrzostwa Polski Mlodzikow do lat 10 - Chlopcy"]
[Site "Szklarska Poreba"]
[Date "1899-12-30"]
[Round "7.2"]
[White "Warchol, Kamil"]
[Black "Mulawa, Cyprian"]
[Result "1/2-1/2"]
[WhiteTitle "CM"]
[BlackTitle "II"]
[WhiteElo "1622"]
[BlackElo "1449"]

1. e4 c5 2. Nf3 Nc6 3. Bb5 g6 4. Bxc6 dxc6 5. d3 Bg7 6. O-O Nf6 7. Re1 O-O 8. h3
Nd7 9. c3 e5 10. Be3 Re8 11. Qc2 Qe7 12. Nbd2 h6 13. d4 cxd4 14. cxd4 exd4 15.
Bxd4 Ne5 16. Qc3 Nxf3+ 17. Nxf3 Bxd4 18. Nxd4 c5 19. Nb3 b6 20. a4 Bb7 21. a5
Qe5 22. Qxe5 Rxe5 23. axb6 axb6 24. Rxa8+ Bxa8 25. f3 Bb7 26. Ra1 Re7 27. Nd2
b5 28. Ra7 c4 29. Ra5 Bc6 30. Ra6 Rd7 31. Nf1 Rc7 32. Ne3 Kf8 33. Kf2 Ke7 34.
Nc2 Kd6 35. Ke3 Kc5 36. Nd4 b4 37. Ra1 1/2-1/2

[Event "Indywidualne Mistrzostwa Polski Mlodzikow do lat 10 - Chlopcy"]
[Site "Szklarska Poreba"]
[Date "1899-12-30"]
[Round "7.3"]
[White "Oglaza, Dawid"]
[Black "Glaz, Michal"]
[Result "1/2-1/2"]
[WhiteTitle "II"]
[BlackTitle "II"]
[WhiteElo "1124"]
[BlackElo "1174"]

1. e4 c5 2. Nf3 d6 3. d4 cxd4 4. Nxd4 e6 5. Nc3 a6 6. Be3 Nf6 7. Qf3 Qc7 8. O-O-O
b5 9. a3 Bb7 10. g4 h6 11. Rg1 Nc6 12. Nxc6 Qxc6 13. Bd3 Nd7 14. Qg3 Ne5 15. f4
Nc4 16. Bxc4 Qxc4 17. Rd4 Qc7 18. Rgd1 Be7 19. f5 e5 20. R4d2 Rc8 21. g5 hxg5
22. Bxg5 f6 23. Be3 Rg8 24. Qg6+ Kf8 25. h4 Qd8 26. h5 Qe8 27. h6 Qxg6 28. fxg6
gxh6 29. Bxh6+ Ke8 30. Rg2 a5 31. Nd5 Bxd5 32. Rxd5 Rb8 33. Bd2 a4 34. Bb4 Kd7
35. g7 Ke6 36. Bxd6 Kf7 37. Bb4 1/2-1/2

[Event "Indywidualne Mistrzostwa Polski Mlodzikow do lat 10 - Chlopcy"]
[Site "Szklarska Poreba"]
[Date "1899-12-30"]
[Round "7.4"]
[White "Wielgus, Wojciech"]
[Black "Zmarzly, Wiktor"]
[Result "1-0"]
[WhiteTitle "I"]
[BlackTitle "II"]
[WhiteElo "1572"]
[BlackElo "1226"]

1. e4 c5 2. Nf3 Nc6 3. Bb5 g6 4. Bxc6 bxc6 5. O-O Bg7 6. Re1 e5 7. c3 Qb6 8. d4
cxd4 9. cxd4 exd4 10. Nbd2 Ne7 11. Nc4 Qc7 12. Bg5 Ba6 13. Rc1 Bxc4 14. Rxc4 f6
15. Qxd4 O-O 16. Bh4 Rab8 17. Bg3 Qb6 18. Bxb8 Rxb8 19. Qxd7 Qb7 20. Qxb7 Rxb7
21. b3 Kf7 22. Nd4 Rc7 23. Rec1 f5 24. exf5 Bxd4 25. fxg6+ hxg6 26. Rxd4 Nf5 27.
Rdc4 Ne7 28. f4 Nd5 29. Rxc6 Rxc6 30. Rxc6 Nxf4 31. Rc7+ Kf6 32. Rxa7 Kf5 33.
Rf7+ Kg4 34. Rxf4+ Kxf4 35. a4 Ke5 36. Kf2 Ke6 37. h4 Ke7 38. g4 Ke8 39. h5 g5
40. a5 Kd8 41. h6 Kd7 42. h7 Kc7 43. h8=Q Kb7 44. Qf6 Ka7 45. a6 Kb8 46. Qc6 Ka7
47. Qb7# 1-0

[Event "Indywidualne Mistrzostwa Polski Mlodzikow do lat 10 - Chlopcy"]
[Site "Szklarska Poreba"]
[Date "1899-12-30"]
[Round "7.5"]
[White "Uhryn, Mateusz"]
[Black "Przybylski, Jan"]
[Result "0-1"]
[WhiteTitle "II"]
[BlackTitle "II"]
[WhiteElo "1410"]
[BlackElo "1140"]

1. c4 e6 2. Nc3 d5 3. d4 Nf6 4. Nf3 Be7 5. Bf4 c6 6. e3 Nbd7 7. Bd3 b6 8. O-O Bb7
9. Ne5 O-O 10. Qf3 Qc8 11. Qh3 Re8 12. Bg5 Nf8 13. Ng4 Nxg4 14. Qxg4 Bxg5 15.
Qxg5 Qd8 16. Qxd8 Rexd8 17. cxd5 exd5 18. b4 Ne6 19. Rab1 Rab8 20. Na4 Ng5 21.
Rfc1 Rdc8 22. Rc2 Rc7 23. Rbc1 Rbc8 24. Bf5 Ne6 25. Nc3 c5 26. Nb5 Re7 27. bxc5
bxc5 28. dxc5 Bc6 29. Nxa7 Rxa7 30. Rb1 Rb7 31. Rb6 Rcb8 32. Bxe6 fxe6 33. Rcb2
Rxb6 34. Rxb6 Rxb6 35. cxb6 Bb7 36. Kf1 Kf7 37. Ke2 Ke7 38. Kd3 Kd6 39. a4 e5
40. f4 exf4 41. exf4 Kc5 42. g4 d4 43. h4 Ba6+ 44. Kd2 Kxb6 45. f5 Kc6 46. g5
Kd6 47. g6 hxg6 48. fxg6 Ke6 49. h5 Kf6 50. h6 gxh6 51. g7 Kxg7 52. a5 h5 53.
Ke1 h4 54. Kf2 d3 55. Ke3 h3 56. Kf2 d2 57. Kg3 d1=Q 58. Kxh3 Qg1 59. Kh4 Bc8
60. Kh5 Qg4# 0-1

[Event "Indywidualne Mistrzostwa Polski Mlodzikow do lat 10 - Chlopcy"]
[Site "Szklarska Poreba"]
[Date "1899-12-30"]
[Round "7.6"]
[White "Jasiulewicz, Dawid"]
[Black "Suska, Szymon"]
[Result "0-1"]
[WhiteTitle "II"]
[BlackTitle "II"]
[WhiteElo "1253"]
[BlackElo "1362"]

1. c4 e5 2. Nc3 Nc6 3. Nf3 Nf6 4. g3 Bc5 5. Bg2 d6 6. O-O a6 7. d3 h6 8. b3 Bd7
9. Bb2 Qc8 10. Qc2 Bh3 11. Rad1 Bxg2 12. Kxg2 Nd4 13. Nxd4 Bxd4 14. e3 Bxc3 15.
Bxc3 Qd7 16. d4 exd4 17. exd4 O-O-O 18. Rfe1 h5 19. Re2 h4 20. Rde1 hxg3 21. fxg3
Qh3+ 22. Kg1 Nh5 23. Qd3 Nf4 24. Qf3 Nxe2+ 25. Rxe2 Qd7 26. Re4 Rde8 27. Rf4 f6
28. Qg2 Qe6 29. Bb2 Qe2 30. Rf2 Qe1+ 31. Rf1 Qe3+ 32. Rf2 Rh5 33. d5 Rf5 34. Qf1
Rxf2 35. Qxf2 Qe1+ 36. Qf1 Re2 37. Qxe1 Rxe1+ 38. Kf2 Rd1 39. Bc3 Rc1 40. Bd2
Rc2 41. Ke2 Rxa2 42. Kd1 b5 43. cxb5 axb5 44. h4 c6 45. dxc6 Kc7 46. h5 Kxc6 47.
Ke2 Rxd2+ 48. Kxd2 Kd5 49. Kd3 Kc5 50. Kc3 d5 51. b4+ Kd6 52. Kd3 Ke5 53. Ke3
d4+ 54. Kd3 f5 55. Kd2 Ke4 56. Ke2 d3+ 57. Kd2 Kd4 58. Kd1 Kc3 59. Kc1 Kxb4 60.
g4 fxg4 61. h6 gxh6 62. Kb2 g3 63. Kb1 g2 64. Kb2 g1=Q 65. Ka2 Qf2+ 66. Ka1 Kb3
67. Kb1 Qe1# 0-1